| 000 | 01026nam a22001817a 4500 | ||
|---|---|---|---|
| 003 | OSt | ||
| 005 | 20251121134654.0 | ||
| 008 | 251121b |||||||| |||| 00| 0 eng d | ||
| 040 | _cDCL | ||
| 082 | _a၂၉၄.၃၈၂၃၅၂ | ||
| 130 |
_aတိပိဋက။ _pသုတ္တန္တပိဋက။ _pခုဒ္ဒကနိကာယ။ _tဝိမာနဝတ္ထု၊ _lအဋ္ဌကထာ၊ _sနိဿယ။ |
||
| 245 |
_aဝိမာနအဋ္ဌကထာနိဿယ ၊ _nဒုတိယတွဲ / _cအသျှင်ဇာဂရမထေရ်။ |
||
| 264 |
_aမန္တလေး ၊ _bမန္တလေးတောင်ပိဋကတ်စာပုံနှိပ်တိုက်၊ _c၁၉၄၀။ |
||
| 300 |
_a၃၇၉ စာမျက်နှာ ၊ _c၂၅ စင်တီ။ |
||
| 650 |
_aဝိမာနဝတ္ထု _vအဋ္ဌကထာနိဿယ။ |
||
| 700 | _aဇာဂရမထေရ်၊ အသျှင် | ||
| 942 |
_2ddc _cSHORT TERM _n0 |
||
| 999 |
_c2572 _d2572 |
||